Statistics for 大阪メトロの路線

Click here to take the quiz!

General Stats

  • This quiz has been taken 141 times
  • The average score is 7 of 8

Answer Stats

Answer% Correct
御堂筋線
100%
中央線
92%
長堀鶴見緑地線
89%
千日前線
88%
四つ橋線
87%
堺筋線
85%
今里筋線
85%
谷町線
85%

Score Distribution

Percentile by Number Answered

Percent of People with Each Score

Your Score History

You have not taken this quiz